000 01346nam0a2200361 4500
001 RU\NLR\bibl\373106
005 20260406103708.0
010 _a5-7654-2454-6
_95000
021 _aRU
_b2003-1688
_974
035 _a(NLR Aleph) 000367612
090 _a375277
_c375277
100 _a20030219d2003 |||y0rusy50 ca
101 0 _arus
102 _aRU
105 _ay |||||||||
200 1 _aЗаболевания почек - выбор диеты
_fБ. Л. Смолянский, В. Г. Лифляндский
210 _aСПб.
_aМ.
_cНева
_cОЛМА-пресс
_d2003
215 _a156 с.
_d20
320 _aБиблиогр.: с. 155
606 0 _aПочки
_xБолезни
_xЛечебное питание
_91464120
_3RU\NLR\auth\66621426
610 0 _aПочечные болезни - Лечение диетой
610 0 _aПитание лечебное
675 _a616.613-08
_v3
_zrus
686 _a76.29
_2rugasnti
686 _a56.9
_2rubbk
686 _aР414-51
700 1 _aСмолянский
_bБ. Л.
_gБорис Леонидович
_4070
701 1 _4070
_8rus
_7ca
_aЛифляндский
_bВ. Г.
_gВладислав Геннадьевич
_3RU\NLR\auth\7791390
_974317
801 0 _aRU
_bRKP
_c20030219
_gPSBO
801 1 _aRU
_bRKP
_c20030219
801 2 _aRU
_bNLR
_c20100908
_grcr
942 _cBOOK
980 _aNB